01818nam a2200349 i 4500001001000000003000900010005001700019007000300036008004100039020001800080040003000098049000900128082001900137100006000156245011300216264004400329300002700373336002700400337003300427338002800460500006000488500006300548504003700611590002600648942001400674952013500688952013500823952012300958952012901081952024101210999001701451000035907DO-SdBNP20241112110650.0ta111115s2011 dr abc 000 0 spa d a9789945164237 aDO-SdBNPbspacBNPHUerda aBNPD 4axxxbS237d2221 aSantos Hernández, Roberto,d1948-eautor4aut.93113910aDe César Constantino a Juan Bosch en la relación Iglesia-Estado :bensayo /cRoberto Santos Hernández. 4aSanto Domingo :bEditora Búho,c2011. a91 páginas ;c23 cm. atextobtxt2rdacontent asin mediaciónbn2rdamedia avolumenbnc2rdacarrier aA propósito del XVII centenario del Edicto de Milán aIncluye datos biográficos del autor en la contracubierta aBibliografía : páginas 89-91 aInventariado, 2024/BT 2ddccLBS1 00102ddc56708DSaBNPHUbBNPHUcCTd2011-11-15l0o BNPHU DS p35907-30r2020-06-25te. 3w2020-06-25yLBS1ZPréstamo en sala 00102ddc56708DSaBNPHUbBNPHUcCTd2014-07-16l0o BNPHU DS p35907-40r2020-06-25te. 4w2020-06-25yLBS1ZPréstamo en sala 00102ddc51708PDaBNPHUbBNPHUcCTd2011-11-15l0o BNPHU PD p35907-10r2020-06-25w2020-06-25yLBS1ZNo se presta 00102ddc51708PDaBNPHUbBNPHUcCTd2011-11-15l0o BNPHU PD p35907-20r2020-06-25te. 2w2020-06-25yLBS1ZNo se presta 00102ddc56708DSaBNPHUbBNPHUcCTd2024-11-12eDonado por la Presidencia de la República Dominicana 2023.l0oBNPHU DS p2024-6379r2024-11-12te.5w2024-11-12yLBS1zPerteneció a la biblioteca personal de Emilio Cordero Michel. c35398d35398